| 000 | 00671cab a2200229 4500 | ||
|---|---|---|---|
| 001 | WB2426-22 | ||
| 008 | 090401t1988 xxu||||| |||| 00| 0 eng d | ||
| 035 | _a(Sirsi) u54431 | ||
| 041 | _aeng | ||
| 245 | _aSurveyors` profits | ||
| 260 | _c1988 | ||
| 350 | _a0 | ||
| 490 |
_aFinancial Times _v1/7/88 p26 |
||
| 520 | _aDebenham Tewson and Chinnocks raised pre-tax profits by 82% to £5.4m for the first year of its publicly quoted existence. | ||
| 650 | _aABOUT RICS-RICS MEMBERS | ||
| 650 | _aLISTING | ||
| 650 | _aRESULTS | ||
| 650 | _aSTOCK EXCHANGE | ||
| 690 | _aMANAGEMENT-BUSINESS MANAGEMENT-PROFESSIONAL PRACTICE | ||
| 942 | _n0 | ||
| 948 | _c04/03/1997 | ||
| 999 |
_c33364 _d33364 |
||